[Event "Bucaramanga op"]
[Site "Bucaramanga"]
[Date "2016.01.09"]
[Round "1"]
[White "Mendoza Acevedo, Santiago"]
[Black "Guerrero, Gabriel"]
[Result "0-1"]
[WhiteElo "1443"]
[BlackElo "1971"]
[PlyCount "32"]
[EventDate "2016.01.09"]
[EventType "swiss"]
[EventRounds "6"]
[EventCountry "COL"]
[SourceTitle "EXT 2017"]
[Source "ChessBase"]
[SourceDate "2016.10.25"]
[SourceVersion "1"]
[SourceVersionDate "2016.10.25"]
[SourceQuality "1"]

1. e4 c5 2. Nf3 Nc6 3. c3 d5 4. exd5 Qxd5 5. d4 Bg4 6. Be2 0-0-0 7. h3 Bh5 8. Ng5 Bg6 9. 0-0 e6 10. Bh5 Nh6 11. Bxg6 hxg6 12. Nf3 Bd6 13. dxc5 Bh2+ 14. Kxh2 Qxd1 15. Rxd1 Rxd1 16. Bxh6 Rxh6 0-1

[Event "Santander Departamental-ch"]
[Site "Santander"]
[Date "2013.11.29"]
[Round "3"]
[White "Arciniegas Castro, Santiago"]
[Black "Mendoza Acevedo, Santiago"]
[Result "1-0"]
[WhiteElo "1388"]
[BlackElo "1483"]
[PlyCount "41"]
[EventDate "2013.11.28"]
[EventType "swiss"]
[EventRounds "8"]
[EventCountry "COL"]
[SourceTitle "CBM 157 Extra"]
[Source "ChessBase"]
[SourceDate "2013.12.19"]
[SourceVersion "1"]
[SourceVersionDate "2013.12.19"]
[SourceQuality "1"]

1. e4 g6 2. Nf3 e6 3. d4 d5 4. Nbd2 dxe4 5. Nxe4 Bb4+ 6. c3 Bf8 7. Bc4 f5 8. Ng3 a6 9. Qe2 b5 10. Bxe6 Bxe6 11. Qxe6+ Ne7 12. Ng5 c6 13. Nf7 Qa5 14. Nd6+ Kd8 15. Nb7+ Kc7 16. Nxa5 Kb6 17. b4 Kc7 18. Bf4+ Kd8 19. 0-0 Ng8 20. Rfe1 Ra7 21. Qe8# 1-0